000 00761nam a2200229 a 4500
001 000039183
005 20240412074300.0
008 130606s2011 dr ac 000 p spa d
020 _a9789945481051
040 _aDO-SdBNP
_bspa
_cBNPHU
082 _aRD861.5
_bJ61r
100 1 _aJiménez, Evaristy
_965377
245 1 0 _aRetazos de amor y otros cortes :
_bpoemas y cuentos /.
260 _aSanto Domingo :
_bEditora Centenario,
_c2011.
300 _a80 p. :
_bil., retrs. ;
_c21 cm.
500 _aIncluye datos biográficos del autor en al contracubierta
590 _aInventariado, 2019 / DG
650 0 _aPoesía dominicana
_966
650 0 _aCuentos dominicanos
_9176
650 0 _aLiteratura dominicana.
_967
910 _aValidado. Control de calidad MFF
999 _c38673
_d38673